| Tag |
First Indicator |
Second Indicator |
Subfields |
| LEADER |
00000cam a2200000Ia 4500 |
| 001 |
in00002374313 |
| 005 |
20151109041455.0 |
| 008 |
720828s1962 nyu 000 1 eng d |
| 010 |
|
|
|a 63008090
|
| 035 |
|
|
|a (OCoLC)ocm00392422
|
| 035 |
|
|
|a (OCoLC)392422
|
| 040 |
|
|
|a OSU
|c OSU
|d OCL
|d OCLCQ
|d IQU
|d OCLCQ
|d TXA
|d UtOrBLW
|
| 043 |
|
|
|a e-yu---
|
| 049 |
|
|
|a TXAM
|
| 090 |
|
|
|a D564.A2
|b D51
|
| 090 |
|
|
|a PG1419.14.I43
|b E813 1962
|
| 100 |
1 |
|
|a Djilas, Milovan,
|d 1911-1995.
|
| 240 |
1 |
0 |
|a Montenegro.
|k Selections.
|l English
|
| 245 |
1 |
4 |
|a The eve of battle :
|b From the opening part of Montenegro /
|c by Milovan Djilas ; translated by Kenneth Johnstone.
|
| 250 |
|
|
|a 1st ed.
|
| 264 |
|
1 |
|a New York :
|b Harcourt, Brace & World,
|c 1962.
|
| 300 |
|
|
|a 23 pages ;
|c 20 cm.
|
| 336 |
|
|
|a text
|b txt
|2 rdacontent
|
| 337 |
|
|
|a unmediated
|b n
|2 rdamedia
|
| 338 |
|
|
|a volume
|b nc
|2 rdacarrier
|
| 650 |
|
0 |
|a World War, 1914-1918
|z Montenegro
|v Fiction.
|
| 650 |
|
0 |
|a World War, 1914-1918
|v Fiction.
|
| 651 |
|
0 |
|a Montenegro
|v Fiction.
|
| 700 |
1 |
|
|a Johnstone, Kenneth,
|d 1909-
|
| 948 |
|
|
|a cataloged
|b h
|c 2008/3/28
|d c
|e jgreene
|f 12:53:31 pm
|
| 994 |
|
|
|a C0
|b TXA
|
| 999 |
|
|
|a MARS
|
| 999 |
f |
f |
|s bc68b6de-e843-37ee-b41c-c15542e135b1
|i 8871b0fc-9ecf-35a7-9707-4dc5500c3e6c
|t 0
|
| 952 |
f |
f |
|p noncirc
|a Texas A&M University
|b College Station
|c Cushing Memorial Library & Archives
|d Cushing: Ragan Military (Does not check out)
|t 0
|e PG1419.14.I43 E813 1962
|h Library of Congress classification
|i unmediated -- volume
|
| 998 |
f |
f |
|a PG1419.14.I43 E813 1962
|t 0
|l Cushing: Ragan Military (Does not check out)
|